The politics of cultural work (Record no. 5400)

MARC details
000 -CABECERA
campo de control de longitud fija 01289nam a2200277 a 4500
001 - NÚMERO DE CONTROL
campo de control 991016165939704336
005 - FECHA Y HORA DE LA ÚLTIMA TRANSACCIÓN
campo de control 20260309094913.0
008 - DATOS DE LONGITUD FIJA--INFORMACIÓN GENERAL
campo de control de longitud fija 070820s2007 enk b 001 0 eng
020 ## - NÚMERO INTERNACIONAL ESTÁNDAR DEL LIBRO
Número Internacional Estándar del Libro 9780230019218 (hbk.)
020 ## - NÚMERO INTERNACIONAL ESTÁNDAR DEL LIBRO
Número Internacional Estándar del Libro 0230019218 (hbk.)
035 ## - NÚMERO DE CONTROL DEL SISTEMA
Número de control de sistema (CaACU)2575521-01ucalg_inst
035 ## - NÚMERO DE CONTROL DEL SISTEMA
Número de control de sistema i9780230019218
035 ## - NÚMERO DE CONTROL DEL SISTEMA
Número de control de sistema (OCoLC)166625185
Número de control cancelado/no válido (OCoLC)OCN166625185
040 ## - FUENTE DE LA CATALOGACIÓN
Centro catalogador/agencia de origen UKM
Centro/agencia transcriptor UKM
Centro/agencia modificador BTCTA
-- BAKER
-- YDXCP
-- C#P
-- UtOrBLW
050 #4 - SIGNATURA TOPOGRÁFICA DE LA BIBLIOTECA DEL CONGRESO
Número de clasificación HM621
Número de documento/Ítem .B36 2007
100 ## - ENTRADA PRINCIPAL--NOMBRE DE PERSONA
Nombre de persona Banks, Mark.
9 (RLIN) 26849
245 14 - MENCIÓN DE TÍTULO
Título The politics of cultural work
Mención de responsabilidad, etc. / Mark Banks.
260 ## - PUBLICACIÓN, DISTRIBUCIÓN, ETC.
Lugar de publicación, distribución, etc. Houndmills, Basingstoke, Hampshire ;
-- New York :
Nombre del editor, distribuidor, etc. Palgrave Macmillan,
Fecha de publicación, distribución, etc. 2007.
300 ## - DESCRIPCIÓN FÍSICA
Extensión viii, 228 p. ;
Dimensiones 23 cm.
504 ## - NOTA DE BIBLIOGRAFÍA, ETC.
Nota de bibliografía, etc. Includes bibliographical references (p. 205-219) and index.
520 ## - SUMARIO, ETC.
Sumario, etc. Through a wide-ranging study of labour in the cultural industries, this book critically evaluates how various sociological traditions - including critical theory, governmentality and liberal-democratic approaches - have sought to theorize the creative cultural worker, in art, music, media and design-based occupations.
650 #0 - PUNTO DE ACCESO ADICIONAL DE MATERIA--TÉRMINO DE MATERIA
Término de materia o nombre geográfico como elemento de entrada Culture
Subdivisión general Economic aspects
9 (RLIN) 12179
650 #0 - PUNTO DE ACCESO ADICIONAL DE MATERIA--TÉRMINO DE MATERIA
Término de materia o nombre geográfico como elemento de entrada Economics
Subdivisión general Sociological aspects
9 (RLIN) 22359
650 #0 - PUNTO DE ACCESO ADICIONAL DE MATERIA--TÉRMINO DE MATERIA
Término de materia o nombre geográfico como elemento de entrada Cultural industries - Economic aspects.
9 (RLIN) 26850
942 ## - ELEMENTOS DE ENTRADA AGREGADA (KOHA)
Fuente del sistema de clasificación o colocación Clasificación de Library of Congress
Holdings
Estado de retiro Estado de pérdida Fuente del sistema de clasificación o colocación Estado dañado No para préstamo Biblioteca de origen Biblioteca actual Fecha de adquisición Total de préstamos Fecha visto por última vez Número de copia Precio válido a partir de Tipo de ítem Koha Nota pública
    Clasificación de Library of Congress     TBS Barcelona TBS Barcelona 09/03/2026   09/03/2026 1 09/03/2026 Book SOON AVAILABLE

Powered by Koha